| 000 | 00889nam a2200253Ia 4500 | ||
|---|---|---|---|
| 003 | OSt | ||
| 005 | 20220927115012.0 | ||
| 006 | a|||||r|||| 00| 0 | ||
| 007 | ta | ||
| 008 | 220926b |||||||| |||| 00| 0 eng d | ||
| 024 | _a5295 | ||
| 037 | _cThesis and Dissertations | ||
| 040 |
_aRTL _cRTL _beng |
||
| 041 |
_2eng _aeng |
||
| 082 | _a"XM8:655.2.N9, N7/TH" | ||
| 100 |
_aRajput Namita _9389834 |
||
| 245 | 0 | _aMultinationals and investment flows in India | |
| 260 |
_aDelhi _bUniversity of Delhi _c1997 |
||
| 300 |
_a350p Bibliography at the end _ccm. |
||
| 490 | _a"University of Delhi, Commerce and Business (Faculty of-), Thesis. Thesis, University of Delhi, Commerce and Business (Faculty of-" | ||
| 650 |
_aMultinationals _9354522 |
||
| 942 |
_h"XM8:655.2.N9, N7/TH" _cCC |
||
| 999 |
_c705317 _d705317 |
||